| 000 | 00709nam a2200229 a 4500 | ||
|---|---|---|---|
| 001 | 3356 | ||
| 003 | CDMR | ||
| 005 | 20130603135302.0 | ||
| 008 | 130130s1992||||sp |||||||||||||||||cat|d | ||
| 020 | _a8487530133 | ||
| 040 |
_aCDMR _bcat _cCPC GIRONA |
||
| 100 | 1 |
_aÚbeda, Joan _92420 |
|
| 245 | 1 | 0 |
_aReportatge a TV _b: el model americà _cJoan Úbeda i Carulla ; pròleg, J.M. Baget i Herms |
| 260 |
_aBarcelona _bÍxia _c1992 |
||
| 300 | _a224 p. | ||
| 490 | 0 |
_aSeqüències _v2 |
|
| 610 | 2 |
_92597 _aCBS News |
|
| 650 | 0 | 4 |
_93157 _aTelevisió _xNoticiaris _zEstats Units _vEstudi de casos |
| 650 | 0 | 4 |
_9433 _aTelevisió _xProducció i direcció |
| 700 | 1 |
_948 _aBaget i Herms, Josep Maria _epr. |
|
| 942 |
_cMON _2udc |
||
| 999 |
_c3356 _d3356 |
||